[Event "Coulsdon Jessie Gilbert 6th"]
[Site "Coulsdon"]
[Date "2013.08.22"]
[Round "8"]
[White "Gupta, Arul"]
[Black "Duncan, Patrick"]
[Result "0-1"]
[WhiteElo "1781"]
[BlackElo "2057"]
[PlyCount "110"]
[EventDate "2013.08.17"]
[EventType "swiss"]
[EventRounds "11"]
[EventCountry "ENG"]
[SourceTitle "CBM 156 Extra"]
[Source "ChessBase"]
[SourceDate "2013.10.22"]
[SourceVersion "1"]
[SourceVersionDate "2013.10.22"]
[SourceQuality "1"]

1. e4 c6 2. d4 d5 3. exd5 cxd5 4. Bd3 Nc6 5. c3 Nf6 6. Bf4 Bg4 7. Qb3 Qc8 8. Nd2 e6 9. Ngf3 Be7 10. 0-0 Nh5 11. Bg3 Nxg3 12. fxg3 Bh5 13. Rae1 0-0 14. Qc2 Bg6 15. Ne5 Nxe5 16. dxe5 b5 17. Bxg6 hxg6 18. Qd3 Rb8 19. Nb3 Qc4 20. Qf3 Qa4 21. Ra1 Rbc8 22. Rfd1 Qa6 23. Rd4 Bc5 24. Nxc5 Rxc5 25. h4 Rc4 26. Kh2 Rfc8 27. Rf1 Qb7 28. h5 gxh5 29. Qxh5 Qe7 30. Rff4 Rxd4 31. cxd4 g6 32. Qf3 Kg7 33. Rh4 Qg5 34. Rf4 Qh5+ 35. Qxh5 gxh5 36. Rf2 Rc1 37. Rd2 Kg6 38. g4 hxg4 39. Kg3 Kf5 40. Rf2+ Ke4 41. Rxf7 Kxd4 42. Rxa7 Rc2 43. b3 Kxe5 44. Ra5 Ke4 45. Rxb5 Rxa2 46. b4 e5 47. Rb8 d4 48. b5 Rb2 49. b6 d3 50. b7 d2 51. Rd8 Ke3 52. Kxg4 Rxb7 53. Rd5 Rb4+ 54. Kf5 Rd4 55. Rxe5+ Kf2 0-1

[Event "Coulsdon Jessie Gilbert 6th"]
[Site "Coulsdon"]
[Date "2013.08.19"]
[Round "3"]
[White "Duncan, Patrick"]
[Black "Calvert, David Ian"]
[Result "1/2-1/2"]
[WhiteElo "2057"]
[BlackElo "1977"]
[PlyCount "90"]
[EventDate "2013.08.17"]
[EventType "swiss"]
[EventRounds "11"]
[EventCountry "ENG"]
[SourceTitle "CBM 156 Extra"]
[Source "ChessBase"]
[SourceDate "2013.10.22"]
[SourceVersion "1"]
[SourceVersionDate "2013.10.22"]
[SourceQuality "1"]

1. e4 d5 2. exd5 Qxd5 3. Nc3 Qd6 4. d4 Nf6 5. Nf3 c6 6. Bg5 Bg4 7. Qd2 Nbd7 8. 0-0-0 e6 9. Bf4 Qb4 10. Be2 Be7 11. Kb1 h6 12. h3 Bf5 13. g4 Ne4 14. Nxe4 Bxe4 15. Qxb4 Bxb4 16. a3 Be7 17. Rhe1 0-0-0 18. Nd2 Bh7 19. Nc4 Nb6 20. Ne5 Rhf8 21. Be3 Nd5 22. Bd3 Bxd3 23. Rxd3 Nxe3 24. Rexe3 Bd6 25. Nc4 Bc7 26. f3 Rd7 27. c3 Rfd8 28. Kc2 b5 29. Ne5 Bxe5 30. Rxe5 Rd5 31. Rde3 Kc7 32. Re2 Kb6 33. f4 c5 34. dxc5+ Kxc5 35. b4+ Kc6 36. h4 a6 37. h5 Rd1 38. g5 Rf1 39. g6 Rxf4 40. gxf7 Rxf7 41. Rxe6+ Rd6 42. Re7 Rxe7 43. Rxe7 g6 44. hxg6 Rxg6 45. Re5 Rg2+ 1/2-1/2